000 01135cam a22003134a 4500
001 13492961
003 OSt
005 20230907144713.0
008 040218s2004 pau b 001 0 eng
010 _a 2004003797
020 _a0791078957
040 _aDLC
_cDLC
_dDLC
042 _apcc
043 _ae-it---
050 0 0 _aDG445
_b.I765 2004
082 0 0 _a945.05
_bBLO/I
245 0 4 _aThe Italian Renaissance /
_cedited and with an introduction by Harold Bloom.
260 _aPhiladelphia :
_bChelsea House Publishers,
_cc2004.
300 _avii, 420 p. ;
_c25 cm.
440 0 _aBloom's period studies
504 _aIncludes bibliographical references (p. 391-404) and index.
650 0 _aRenaissance
_zItaly.
651 0 _aItaly
_xCivilization
_y1268-1559.
700 1 _aBloom, Harold.
856 4 1 _3Table of contents
_uhttp://www.loc.gov/catdir/toc/ecip0415/2004003797.html
906 _a7
_bcbc
_corignew
_d1
_eecip
_f20
_gy-gencatlg
942 _2ddc
_cBK
_h945.05
_iBLO/I
_k945.05
_mBLO/I
999 _c42151
_d42151